[Event "GER-ch Blitz"]
[Site "Munich"]
[Date "2025.05.24"]
[Round "25"]
[White "Arndt, Magnus"]
[Black "Joeres, Stefan"]
[Result "1-0"]
[WhiteElo "2380"]
[BlackElo "2251"]
[PlyCount "71"]
[EventDate "2025.05.24"]
[EventType "tourn (blitz)"]
[EventRounds "29"]
[EventCountry "GER"]
[EventCategory "6"]
[SourceTitle "CB22_2025"]
[SourceDate "2025.05.28"]
[SourceVersion "1"]
[SourceVersionDate "2025.05.28"]
[SourceQuality "1"]

1. d4 Nf6 2. c4 g6 3. g3 Bg7 4. Bg2 0-0 5. Nc3 d6 6. Nf3 Nc6 7. 0-0 e5 8. dxe5 Nxe5 9. Nxe5 dxe5 10. Bg5 Qxd1 11. Rfxd1 c6 12. Na4 Be6 13. b3 Nd7 14. Rd2 Rac8 15. Rad1 b5 16. Nc3 b4 17. Ne4 Nb6 18. Be7 Rfe8 19. Bxb4 Rb8 20. Bd6 Rbc8 21. Nc5 Bf8 22. Bxf8 Kxf8 23. Nxe6+ Rxe6 24. Bh3 f5 25. e4 Rf6 26. exf5 gxf5 27. Rd6 Ke7 28. Rxf6 Kxf6 29. Rd6+ Kg5 30. Bg2 e4 31. h4+ Kg4 32. Bf1 f4 33. Kh2 fxg3+ 34. fxg3 Kf3 35. Bg2+ Ke3 36. Re6 1-0

[Event "GER-ch Blitz"]
[Site "Munich"]
[Date "2025.05.24"]
[Round "8"]
[White "Barzen, Pascal"]
[Black "Joeres, Stefan"]
[Result "1-0"]
[WhiteElo "2348"]
[BlackElo "2251"]
[PlyCount "87"]
[EventDate "2025.05.24"]
[EventType "tourn (blitz)"]
[EventRounds "29"]
[EventCountry "GER"]
[EventCategory "6"]
[SourceTitle "CB22_2025"]
[SourceDate "2025.05.28"]
[SourceVersion "1"]
[SourceVersionDate "2025.05.28"]
[SourceQuality "1"]

1. e4 c5 2. Nc3 Nc6 3. g3 g6 4. Bg2 Bg7 5. d3 d6 6. f4 e5 7. Nf3 Nge7 8. 0-0 0-0 9. Be3 Rb8 10. fxe5 Nxe5 11. Nxe5 Bxe5 12. Bh6 Bg7 13. Qd2 Be6 14. Bxg7 Kxg7 15. d4 Bc4 16. Rf2 Nc6 17. d5 Ne5 18. Nd1 Bb5 19. Ne3 Bd7 20. h3 b5 21. Raf1 a5 22. Kh2 a4 23. Rf4 h6 24. h4 Qe7 25. Kh1 b4 26. h5 g5 27. Rf5 b3 28. axb3 axb3 29. c3 Ra8 30. R5f2 Ra2 31. Qd1 Rb8 32. Bf3 f6 33. Be2 Rf8 34. Qxb3 Raa8 35. Qb7 Rab8 36. Nf5+ Kh7 37. Qxb8 Bxf5 38. Qb6 Bxe4+ 39. Kg1 f5 40. Ra1 Rf7 41. c4 f4 42. Ra8 f3 43. Bf1 Ng4 44. Qb8 1-0

[Event "GER-ch Blitz"]
[Site "Munich"]
[Date "2025.05.24"]
[Round "22"]
[White "Bluebaum, Matthias"]
[Black "Joeres, Stefan"]
[Result "1-0"]
[WhiteElo "2660"]
[BlackElo "2251"]
[PlyCount "45"]
[EventDate "2025.05.24"]
[EventType "tourn (blitz)"]
[EventRounds "29"]
[EventCountry "GER"]
[EventCategory "6"]
[SourceTitle "CB22_2025"]
[SourceDate "2025.05.28"]
[SourceVersion "1"]
[SourceVersionDate "2025.05.28"]
[SourceQuality "1"]

1. d4 Nf6 2. c4 g6 3. Nc3 Bg7 4. e4 d6 5. Be2 0-0 6. Nf3 e5 7. Be3 exd4 8. Nxd4 Re8 9. f3 c6 10. Qd2 d5 11. exd5 cxd5 12. 0-0 Nc6 13. Rad1 Nxd4 14. Bxd4 dxc4 15. Bxc4 Qc7 16. Bb5 Rd8 17. Qf2 b6 18. Be5 Qe7 19. Rxd8+ Qxd8 20. Bc6 Be6 21. Rd1 Qc8 22. Bxa8 Qxa8 23. Qd4 1-0

[Event "GER-ch Blitz"]
[Site "Munich"]
[Date "2025.05.24"]
[Round "10"]
[White "Chassard, Cedric"]
[Black "Joeres, Stefan"]
[Result "0-1"]
[WhiteElo "2250"]
[BlackElo "2251"]
[PlyCount "124"]
[EventDate "2025.05.24"]
[EventType "tourn (blitz)"]
[EventRounds "29"]
[EventCountry "GER"]
[EventCategory "6"]
[SourceTitle "CB22_2025"]
[SourceDate "2025.05.28"]
[SourceVersion "1"]
[SourceVersionDate "2025.05.28"]
[SourceQuality "1"]

1. e4 c5 2. Nf3 e6 3. d4 cxd4 4. Qxd4 Nc6 5. Qe3 a6 6. Nc3 Qc7 7. Bd3 d6 8. 0-0 Nf6 9. Qe2 Be7 10. Bf4 e5 11. Be3 0-0 12. Bc4 b5 13. Bb3 Na5 14. Nd5 Nxd5 15. Bxd5 Bb7 16. Bxb7 Qxb7 17. Nd2 Rac8 18. c3 Nc4 19. Nxc4 Rxc4 20. f3 f5 21. exf5 Rxf5 22. Qd3 Rf7 23. Rfd1 Qc6 24. Qd5 Qxd5 25. Rxd5 Rf8 26. Rd3 Kf7 27. Kf2 Ke6 28. Ke2 h5 29. b3 Rc6 30. a4 Rfc8 31. axb5 axb5 32. Bd2 Rb8 33. Ra7 g6 34. Be1 d5 35. Re3 Bf6 36. g4 hxg4 37. fxg4 Rh8 38. Bg3 e4 39. c4 bxc4 40. bxc4 Rxc4 41. Ra6+ Ke7 42. Ra7+ Ke6 43. Ra6+ Kf7 44. Ra7+ Be7 45. Bd6 Re8 46. Rh3 Ke6 47. Bf4 Rc2+ 48. Kd1 Rc6 49. Rh6 Rg8 50. Rh7 Bc5 51. Rhf7 Bxa7 52. Rxa7 d4 53. Ra4 Kd5 54. Ra5+ Rc5 55. Ra6 Kc4 56. Ra4+ Kd5 57. Ra7 e3 58. Ke2 Rc2+ 59. Kf3 Rf2+ 60. Kg3 Rxf4 61. Kxf4 Rf8+ 62. Kg3 e2 0-1

[Event "GER-ch Blitz"]
[Site "Munich"]
[Date "2025.05.24"]
[Round "5"]
[White "Joeres, Stefan"]
[Black "Frischmann, Rick"]
[Result "0-1"]
[WhiteElo "2251"]
[BlackElo "2352"]
[PlyCount "54"]
[EventDate "2025.05.24"]
[EventType "tourn (blitz)"]
[EventRounds "29"]
[EventCountry "GER"]
[EventCategory "6"]
[SourceTitle "CB22_2025"]
[SourceDate "2025.05.28"]
[SourceVersion "1"]
[SourceVersionDate "2025.05.28"]
[SourceQuality "1"]

1. e4 d5 2. exd5 Qxd5 3. d4 Nc6 4. Nf3 Bg4 5. Be2 0-0-0 6. c4 Qf5 7. d5 Bxf3 8. Bxf3 Ne5 9. Be2 e6 10. Nc3 Nf6 11. Qa4 Bc5 12. 0-0 Nfg4 13. Bxg4 Nxg4 14. Be3 Qe5 15. g3 Qh5 16. h4 Nxe3 17. fxe3 g5 18. Qd1 Qh6 19. h5 g4 20. Kg2 Qxh5 21. Rh1 Qg6 22. e4 f5 23. exf5 exf5 24. Qd2 f4 25. gxf4 h5 26. Rae1 h4 27. Re6 Qxe6 0-1

[Event "GER-ch Blitz"]
[Site "Munich"]
[Date "2025.05.24"]
[Round "11"]
[White "Joeres, Stefan"]
[Black "Rosner, Jonas"]
[Result "0-1"]
[WhiteElo "2251"]
[BlackElo "2426"]
[PlyCount "80"]
[EventDate "2025.05.24"]
[EventType "tourn (blitz)"]
[EventRounds "29"]
[EventCountry "GER"]
[EventCategory "6"]
[SourceTitle "CB22_2025"]
[SourceDate "2025.05.28"]
[SourceVersion "1"]
[SourceVersionDate "2025.05.28"]
[SourceQuality "1"]

1. e4 c5 2. Nf3 e6 3. d4 cxd4 4. Nxd4 a6 5. Bd3 Bc5 6. Nb3 Be7 7. Nc3 d6 8. Be3 Nf6 9. a4 b6 10. f4 Bb7 11. 0-0 Nbd7 12. Qe2 Qc7 13. Rad1 h5 14. h3 h4 15. Qf2 Nh5 16. Ne2 Rc8 17. Nbd4 Nc5 18. Nc3 Ng3 19. Rfe1 Ncxe4 20. Nxe4 Nxe4 21. Qe2 Ng3 22. Qg4 Bf6 23. c3 Kf8 24. Bf2 Re8 25. Nf3 g6 26. Bxg6 fxg6 27. Rxe6 Rxe6 28. Qxe6 Qe7 29. Rxd6 Qxe6 30. Rxe6 Kf7 31. Rxb6 Bxf3 32. gxf3 Rd8 33. Rxa6 Rd2 34. Ra7+ Ke6 35. Ra6+ Kf5 36. Be3 Rxb2 37. c4 Rb3 38. Bf2 Rxf3 39. c5 Rc3 40. Rc6 Ne4 0-1

[Event "GER-ch Blitz"]
[Site "Munich"]
[Date "2025.05.24"]
[Round "9"]
[White "Joeres, Stefan"]
[Black "Schneider, Ilja"]
[Result "0-1"]
[WhiteElo "2251"]
[BlackElo "2417"]
[PlyCount "59"]
[EventDate "2025.05.24"]
[EventType "tourn (blitz)"]
[EventRounds "29"]
[EventCountry "GER"]
[EventCategory "6"]
[SourceTitle "CB22_2025"]
[SourceDate "2025.05.28"]
[SourceVersion "1"]
[SourceVersionDate "2025.05.28"]
[SourceQuality "1"]

1. e4 e5 2. Nc3 Nf6 3. g3 Bc5 4. Bg2 0-0 5. Nge2 c6 6. 0-0 d5 7. exd5 cxd5 8. d4 exd4 9. Nxd4 Bg4 10. Qd3 Bxd4 11. Qxd4 Nc6 12. Qd3 d4 13. Ne4 Nxe4 14. Qxe4 Qd7 15. Bf4 Rae8 16. Qd5 Qxd5 17. Bxd5 Nb4 18. Bb3 Rd8 19. Kg2 Bf5 20. c3 Nd3 21. Bd2 Nxb2 22. cxd4 Nd3 23. Be3 Rfe8 24. Rfd1 Nb4 25. d5 Be4+ 26. Kf1 Bxd5 27. Bxd5 Rxd5 28. Bxa7 Ra5 29. Be3 Nc2 30. Rab1 0-1

[Event "GER-ch Blitz"]
[Site "Munich"]
[Date "2025.05.24"]
[Round "18"]
[White "Yelisieiev, Yevhenii"]
[Black "Joeres, Stefan"]
[Result "0-1"]
[WhiteElo "2412"]
[BlackElo "2251"]
[PlyCount "114"]
[EventDate "2025.05.24"]
[EventType "tourn (blitz)"]
[EventRounds "29"]
[EventCountry "GER"]
[EventCategory "6"]
[SourceTitle "CB22_2025"]
[SourceDate "2025.05.28"]
[SourceVersion "1"]
[SourceVersionDate "2025.05.28"]
[SourceQuality "1"]

1. d4 Nf6 2. Nf3 g6 3. g3 Bg7 4. Bg2 0-0 5. 0-0 d6 6. b3 e5 7. dxe5 dxe5 8. Ba3 Re8 9. Qxd8 Rxd8 10. Nc3 e4 11. Rad1 Re8 12. Ng5 Bf5 13. Ngxe4 Nxe4 14. Nxe4 Na6 15. Nd2 c6 16. e4 Be6 17. Nf3 Nc7 18. Nd4 Bxd4 19. Rxd4 Nb5 20. Ra4 Nxa3 21. Rxa3 Red8 22. f4 Rd2 23. f5 Bd7 24. Rf2 Rd1+ 25. Bf1 a6 26. Kg2 Re8 27. Bd3 Bc8 28. b4 Rb1 29. Rb3 Re1 30. g4 Kg7 31. Rc3 f6 32. a3 Re5 33. Rc4 Kf7 34. fxg6+ hxg6 35. h3 Ke7 36. Rd4 Be6 37. c4 Ra1 38. c5 Rxa3 39. Bc4 Bxc4 40. Rxc4 Rd3 41. Rf3 Rd2+ 42. Kg3 Ke6 43. h4 Rd1 44. Rf2 Rg1+ 45. Rg2 Re1 46. Kf3 Rh1 47. Kg3 Rb1 48. Rh2 Rb3+ 49. Kf2 Kf7 50. Kg2 Kg7 51. Kf2 Kh6 52. Rd4 Re7 53. Rg2 Rb2+ 54. Kf3 Rb3+ 55. Kf4 g5+ 56. hxg5+ fxg5+ 57. Kf5 Rf3# 0-1

[Event "Karlsruhe Grenke op"]
[Site "Karlsruhe"]
[Date "2025.04.20"]
[Round "7"]
[White "Joeres, Stefan"]
[Black "Colbow, Collin"]
[Result "0-1"]
[WhiteElo "2266"]
[BlackElo "2422"]
[PlyCount "118"]
[EventDate "2025.04.17"]
[EventType "swiss"]
[EventRounds "9"]
[EventCountry "GER"]
[SourceTitle "CB17_2025"]
[SourceDate "2025.04.23"]
[SourceVersion "1"]
[SourceVersionDate "2025.04.23"]
[SourceQuality "1"]

1. e4 c5 2. Nf3 d6 3. d4 cxd4 4. Nxd4 Nf6 5. Nc3 Nc6 6. Bg5 e6 7. Qd2 a6 8. 0-0-0 Bd7 9. Be2 Be7 10. f4 Qc7 11. Bf3 Rd8 12. Nxc6 Bxc6 13. Qe3 h6 14. Bxf6 Bxf6 15. Nd5 Bxd5 16. exd5 e5 17. Qe4 Rc8 18. Be2 Qc5 19. Kb1 b5 20. g4 Kd8 21. f5 h5 22. gxh5 Ke7 23. h4 a5 24. Rh3 b4 25. c4 a4 26. Rg3 a3 27. b3 Qf2 28. Rg2 Qf4 29. Qxf4 exf4 30. Rf1 Kd7 31. Rxf4 Rhe8 32. Kc2 Re5 33. Kd1 Rce8 34. Rgf2 Kc7 35. Kd2 Kb6 36. c5+ dxc5 37. Bc4 Re1 38. Rf1 R1e7 39. Kc2 Kc7 40. Bb5 Rb8 41. Bc4 Kd6 42. R1f2 Rbe8 43. Bb5 Rh8 44. Re2 Be5 45. f6 Bxf6 46. Rxe7 Kxe7 47. Be2 Kd6 48. Bf3 Ke5 49. Re4+ Kd6 50. Kd3 Be5 51. Rg4 Rh6 52. Ke3 Rxh5 53. Rxg7 Rxh4 54. Rxf7 c4 55. Bd1 Rh1 56. Ke2 Rxd1 57. Kxd1 cxb3 58. Rf2 Bb2 59. Rxb2 axb2 0-1

[Event "Baden-Baden op"]
[Site "Baden-Baden"]
[Date "2024.02.13"]
[Round "9"]
[White "Joeres, Stefan"]
[Black "Keller, Peter1"]
[Result "1/2-1/2"]
[WhiteElo "2214"]
[BlackElo "2328"]
[PlyCount "35"]
[EventDate "2024.02.09"]
[EventType "swiss"]
[EventRounds "9"]
[EventCountry "GER"]
[SourceTitle "CBM 218 Extra"]
[Source "ChessBase"]
[SourceDate "2024.03.31"]
[SourceVersion "1"]
[SourceVersionDate "2024.03.31"]
[SourceQuality "1"]

1. e4 e5 2. Nf3 Nc6 3. c3 d5 4. Qa4 Bd7 5. exd5 Nd4 6. Qd1 Nxf3+ 7. Qxf3 Nf6 8. Bc4 e4 9. Qe2 Bd6 10. d4 0-0 11. h3 b5 12. Bxb5 Nxd5 13. Bxd7 Qxd7 14. c4 Bb4+ 15. Kf1 Nf6 16. Be3 c6 17. Nc3 g6 18. Rd1 1/2-1/2

[Event "Baden-Baden op"]
[Site "Baden-Baden"]
[Date "2024.02.12"]
[Round "7"]
[White "Joeres, Stefan"]
[Black "Bellahcene, Bilel"]
[Result "0-1"]
[WhiteElo "2214"]
[BlackElo "2516"]
[PlyCount "196"]
[EventDate "2024.02.09"]
[EventType "swiss"]
[EventRounds "9"]
[EventCountry "GER"]
[SourceTitle "CBM 218 Extra"]
[Source "ChessBase"]
[SourceDate "2024.03.31"]
[SourceVersion "1"]
[SourceVersionDate "2024.03.31"]
[SourceQuality "1"]

1. e4 c5 2. Nf3 Nc6 3. d4 cxd4 4. Nxd4 e5 5. Nb5 d6 6. N1c3 a6 7. Na3 Be6 8. Nc4 Rb8 9. Ne3 Nf6 10. g3 g6 11. Bg2 Bg7 12. 0-0 0-0 13. Ncd5 Ne7 14. Nxe7+ Qxe7 15. Qd3 Rfd8 16. Rd1 Qc7 17. c4 b5 18. cxb5 Rxb5 19. a4 Rbb8 20. Qxa6 Bb3 21. Re1 Ra8 22. Qd3 Bxa4 23. Bd2 Qb7 24. Nc4 Bc6 25. Na5 Qb5 26. Qxb5 Bxb5 27. Bf1 Bxf1 28. Kxf1 Rdc8 29. Bc3 Rab8 30. f3 Rb5 31. Ra4 d5 32. Bxe5 dxe4 33. Bxf6 Bxf6 34. Rexe4 Rxb2 35. Nc4 Rxh2 36. Re2 Rxe2 37. Kxe2 Re8+ 38. Kf1 Re6 39. Ra2 Kg7 40. Re2 Rc6 41. Nd2 h5 42. Ne4 Be7 43. Kg2 Rc7 44. Nc3 Rd7 45. Nd5 Bd8 46. Nf4 Rd4 47. Rc2 h4 48. Ne2 Rd5 49. gxh4 Bxh4 50. Rc4 Bf6 51. Rc2 Rg5+ 52. Kf2 Be7 53. Ke3 Bc5+ 54. Kf4 Rh5 55. Kg3 Bd6+ 56. Kg2 Rg5+ 57. Kf2 Rd5 58. Kg2 g5 59. Ra2 Kg6 60. Nc3 Rd3 61. Ne4 Be5 62. Nf2 Rb3 63. Re2 Bb8 64. Nd1 Rd3 65. Nf2 Rd4 66. Rb2 Bd6 67. Ne4 Be5 68. Rc2 Rd1 69. Nf2 Rb1 70. Ng4 Bd4 71. Nf2 f5 72. Rd2 Bb6 73. Nd3 Rg1+ 74. Kh2 Ra1 75. Nf4+ Kf7 76. Nh3 Be3 77. Re2 Ra3 78. Kg2 Kf6 79. Kg3 Kg6 80. Nf2 Kh5 81. Rc2 Ra4 82. Nh3 Ra1 83. Re2 Ba7 84. Rb2 Bd4 85. Re2 Ra3 86. Kg2 Be3 87. Kg3 Rb3 88. Ra2 Bb6 89. Kg2 Kh4 90. Nf2 g4 91. fxg4 f4 92. Rd2 f3+ 93. Kf1 Rb1+ 94. Nd1 Kg3 95. g5 Rb4 96. Ra2 Rh4 97. Ke1 Rh1+ 98. Kd2 Rh2+ 0-1

[Event "Oberliga Baden 2324"]
[Site "Germany"]
[Date "2024.01.14"]
[Round "5.7"]
[White "Joeres, Stefan"]
[Black "Nippgen, Georg"]
[Result "1/2-1/2"]
[WhiteElo "2207"]
[BlackElo "2194"]
[PlyCount "97"]
[EventDate "2023.09.17"]
[EventType "team-tourn"]
[EventRounds "9"]
[EventCountry "GER"]
[SourceTitle "EXT 2025"]
[Source "ChessBase"]
[SourceDate "2024.10.14"]
[SourceVersion "1"]
[SourceVersionDate "2024.10.14"]
[SourceQuality "1"]
[WhiteTeam "Karlsruhe"]
[BlackTeam "Ettlingen"]
[WhiteTeamCountry "GER"]
[BlackTeamCountry "GER"]

1. e4 e5 2. Nf3 Nc6 3. c3 d6 4. d4 Qe7 5. Bd3 g6 6. dxe5 dxe5 7. Qe2 Nf6 8. 0-0 Nh5 9. Bc4 Bg7 10. b3 Nd8 11. Bb5+ c6 12. Ba3 Qf6 13. Rd1 Bg4 14. Bc4 Nf4 15. Qe3 Nxg2 16. Kxg2 Bh6 17. Rd6 Qxd6 18. Bxd6 Bxe3 19. fxe3 f6 20. Nbd2 b5 21. Be2 Nb7 22. Ba3 a5 23. Bb2 a4 24. c4 0-0-0 25. Bc3 Bd7 26. Rb1 axb3 27. Nxb3 Kc7 28. cxb5 cxb5 29. Nxe5 fxe5 30. Bxe5+ Kb6 31. Bd4+ Kc7 32. Bxh8 Rxh8 33. Nd4 Ra8 34. Rb2 Nd6 35. e5 Nc4 36. Rxb5 Nxe3+ 37. Kf3 Nf5 38. Rc5+ Kb6 39. Rd5 Nxd4+ 40. Rxd4 Bc6+ 41. Kg3 Rxa2 42. Bf1 Kc5 43. Rd3 Bd5 44. h4 Ra1 45. Be2 Ra4 46. Bf3 Be4 47. Bxe4 Rxe4 48. Rd7 Rxe5 49. Rxh7 1/2-1/2

[Event "Oberliga Baden 2223"]
[Site "Germany"]
[Date "2023.02.26"]
[Round "7.5"]
[White "Joeres, Stefan"]
[Black "Jaeggi, Dorian"]
[Result "1/2-1/2"]
[WhiteElo "2216"]
[BlackElo "2327"]
[PlyCount "114"]
[EventDate "2022.09.18"]
[EventType "team-tourn"]
[EventRounds "9"]
[EventCountry "GER"]
[SourceTitle "EXT 2024"]
[Source "ChessBase"]
[SourceDate "2023.10.10"]
[SourceVersion "1"]
[SourceVersionDate "2023.10.10"]
[SourceQuality "1"]
[WhiteTeam "Karlsruhe"]
[BlackTeam "Brombach"]
[WhiteTeamCountry "GER"]
[BlackTeamCountry "GER"]

1. e4 c5 2. Nf3 e6 3. d4 cxd4 4. Nxd4 Nc6 5. Nc3 Qc7 6. Be3 a6 7. Bd3 b5 8. Nxc6 Qxc6 9. 0-0 Bb7 10. a3 Nf6 11. Re1 h5 12. h3 Bd6 13. Be2 Be5 14. Bd4 Qd6 15. Bxe5 Qxe5 16. Bd3 g5 17. g3 h4 18. g4 0-0 19. Qd2 Nh7 20. Rad1 Rfd8 21. Bf1 Nf8 22. Qd6 Ng6 23. Qxe5 Nxe5 24. Be2 Rac8 25. Rd2 Rc7 26. f3 Rdc8 27. Kf2 Kf8 28. Bd3 Ke7 29. Ne2 Ng6 30. c3 Rd8 31. Nd4 Nf4 32. Bf1 d6 33. Ne2 Ng6 34. Red1 Ne5 35. Nd4 d5 36. exd5 Bxd5 37. Nf5+ exf5 38. Rxd5 Rxd5 39. Rxd5 Ke6 40. Rd4 fxg4 41. fxg4 Ng6 42. a4 Nf4 43. axb5 axb5 44. Rb4 Rc5 45. c4 bxc4 46. Bxc4+ Ke5 47. Bf1 f5 48. gxf5 Kxf5 49. Kf3 Rc1 50. Kf2 Rc2+ 51. Kf3 Rc1 52. Kf2 Rb1 53. Rb5+ Kg6 54. Rb6+ Kh5 55. Be2+ Nxe2 56. Kxe2 Rg1 57. Rb3 Rg2+ 1/2-1/2

[Event "Innsbruck op 5th"]
[Site "Innsbruck"]
[Date "2021.08.22"]
[Round "2"]
[White "Platz, Daniel"]
[Black "Joeres, Stefan"]
[Result "1/2-1/2"]
[WhiteElo "2038"]
[BlackElo "2176"]
[PlyCount "36"]
[EventDate "2021.08.21"]
[EventType "swiss"]
[EventRounds "9"]
[EventCountry "AUT"]
[SourceTitle "CBM 204 Extra"]
[Source "ChessBase"]
[SourceDate "2021.11.30"]
[SourceVersion "1"]
[SourceVersionDate "2021.11.30"]
[SourceQuality "1"]

1. e4 c5 2. Nc3 Nc6 3. Bb5 Nd4 4. Nf3 a6 5. Bd3 e6 6. 0-0 Qc7 7. Re1 Bd6 8. Kh1 Nxf3 9. Qxf3 Ne7 10. b3 Nc6 11. Bb2 Ne5 12. Qh5 0-0 13. Re3 f6 14. Rh3 h6 15. Be2 Nf7 16. Qg6 Ne5 17. Qh5 Nf7 18. Qg6 Ne5 1/2-1/2

[Event "GER-chT Christmas U20"]
[Site "Playchess.com INT"]
[Date "2020.12.29"]
[Round "6.1"]
[White "Joeres, Stefan"]
[Black "Knuedel, Torben"]
[Result "0-1"]
[WhiteElo "2176"]
[BlackElo "2204"]
[PlyCount "110"]
[EventDate "2020.12.29"]
[EventType "team-swiss (blitz)"]
[EventRounds "7"]
[EventCountry "GER"]
[SourceTitle "CBM 200 Extra"]
[Source "ChessBase"]
[SourceDate "2021.03.31"]
[SourceVersion "1"]
[SourceVersionDate "2021.03.31"]
[SourceQuality "1"]
[WhiteTeam "Karlsruhe"]
[BlackTeam "Uelzen Post"]
[WhiteTeamCountry "GER"]
[BlackTeamCountry "GER"]

1. e4 e5 2. Nf3 Nc6 3. d4 exd4 4. Bc4 Nf6 5. e5 d5 6. Bb5 Ne4 7. Nxd4 Bd7 8. Bxc6 bxc6 9. 0-0 Bc5 10. f3 Ng5 11. f4 Ne4 12. Be3 0-0 13. Nd2 f6 14. Nxe4 dxe4 15. c3 fxe5 16. Qb3+ Kh8 17. fxe5 Qe7 18. Bf4 Be6 19. Qa4 Bd5 20. Bg3 Rxf1+ 21. Rxf1 Rf8 22. Qd1 h6 23. a3 Bc4 24. Rxf8+ Qxf8 25. Qe1 e3 26. h3 e2 27. Bf2 Bxd4 28. cxd4 Qf5 29. Qc3 Qb1+ 30. Kh2 Qf1 31. Qg3 Bd5 32. e6 Bxe6 33. d5 Bxd5 34. Bd4 Qxg2+ 35. Qxg2 Bxg2 36. Bc3 Bd5 37. h4 Kh7 38. Kg3 Kg6 39. Kf4 Kh5 40. Be1 g5+ 41. hxg5 hxg5+ 42. Kg3 Kg6 43. Bd2 Kf5 44. Kf2 Bc4 45. Kf3 Ke5 46. Ke3 g4 47. Be1 c5 48. Bg3+ Kf5 49. Be1 Ba6 50. Bg3 Bb5 51. Be1 Ke5 52. Bg3+ Kd5 53. Kd2 Ke4 54. Bxc7 Kf3 55. Bd6 Kf2 0-1

[Event "GER-chT Christmas U20"]
[Site "Playchess.com INT"]
[Date "2020.12.29"]
[Round "3.1"]
[White "Suvorov, Alexander David"]
[Black "Joeres, Stefan"]
[Result "1-0"]
[WhiteElo "2353"]
[BlackElo "2176"]
[PlyCount "75"]
[EventDate "2020.12.29"]
[EventType "team-swiss (blitz)"]
[EventRounds "7"]
[EventCountry "GER"]
[SourceTitle "CBM 200 Extra"]
[Source "ChessBase"]
[SourceDate "2021.03.31"]
[SourceVersion "1"]
[SourceVersionDate "2021.03.31"]
[SourceQuality "1"]
[WhiteTeam "Koeln Porz"]
[BlackTeam "Karlsruhe"]
[WhiteTeamCountry "GER"]
[BlackTeamCountry "GER"]

1. d4 d5 2. c4 dxc4 3. Nf3 Nf6 4. e3 e6 5. Bxc4 c5 6. 0-0 a6 7. a4 Nc6 8. Qe2 Be7 9. Rd1 Qc7 10. b3 0-0 11. Bb2 cxd4 12. exd4 Nb4 13. Nc3 Nbd5 14. Rac1 Qd8 15. Ne5 Nxc3 16. Rxc3 Nd5 17. Rg3 Bf6 18. Qg4 g6 19. Qf3 Bg7 20. Rh3 b5 21. axb5 axb5 22. Bxb5 Bb7 23. Bc6 Bxc6 24. Nxc6 Qd6 25. Ne5 Ra2 26. Nc4 Qf4 27. Qxf4 Nxf4 28. Rf3 Nd5 29. Ra1 Rfa8 30. Rxa2 Rxa2 31. g3 Nb4 32. Bc3 Nd5 33. Bb2 Nb4 34. h4 h5 35. Kf1 Nc6 36. Rd3 Na5 37. Nxa5 Ra3 38. Bxa3 1-0

[Event "GER Cup Net Final-A U2400"]
[Site "Playchess.com INT"]
[Date "2020.06.06"]
[Round "6"]
[White "Joeres, Stefan"]
[Black "Gremmel, Jonas Simon"]
[Result "1-0"]
[WhiteElo "2097"]
[BlackElo "1985"]
[PlyCount "103"]
[EventDate "2020.06.06"]
[EventType "swiss (blitz)"]
[EventRounds "13"]
[EventCountry "GER"]
[SourceTitle "CBM 197 Extra"]
[Source "ChessBase"]
[SourceDate "2020.09.30"]
[SourceVersion "1"]
[SourceVersionDate "2020.09.30"]
[SourceQuality "1"]

1. e4 g6 2. d4 Bg7 3. Nc3 d6 4. Bf4 a6 5. Qd2 b5 6. a3 Bb7 7. Nf3 Nd7 8. Bd3 c5 9. d5 Rc8 10. 0-0 Qa5 11. Rfb1 c4 12. Bf1 h6 13. Re1 Qc7 14. Rad1 Ne5 15. Nxe5 dxe5 16. Be3 Qd6 17. g3 f5 18. Bg2 Nf6 19. f4 Ng4 20. fxe5 Bxe5 21. Bd4 Bxd4+ 22. Qxd4 0-0 23. e5 Qd8 24. h3 h5 25. hxg4 hxg4 26. Kf2 f4 27. gxf4 g5 28. f5 Rxf5+ 29. Kg3 Rf4 30. Qe3 Qf8 31. Rf1 Qh6 32. Rh1 Qg7 33. Be4 Rcf8 34. Rdf1 Bc8 35. Bh7+ Kf7 36. Rxf4+ gxf4+ 37. Qxf4+ Ke8 38. Qe4 Rf3+ 39. Kg2 Kd8 40. d6 exd6 41. exd6 Bd7 42. Qe7+ Qxe7 43. dxe7+ Kxe7 44. Be4 Rf4 45. Nd5+ Kd6 46. Nxf4 Ke5 47. Rh7 Bc8 48. Bb7 Bf5 49. Rh5 Kxf4 50. Rxf5+ Kxf5 51. Bxa6 c3 52. bxc3 1-0

[Event "GER Cup Net Final-A U2400"]
[Site "Playchess.com INT"]
[Date "2020.06.06"]
[Round "8"]
[White "Ortmann, David"]
[Black "Joeres, Stefan"]
[Result "1-0"]
[WhiteElo "2063"]
[BlackElo "2097"]
[PlyCount "97"]
[EventDate "2020.06.06"]
[EventType "swiss (blitz)"]
[EventRounds "13"]
[EventCountry "GER"]
[SourceTitle "CBM 197 Extra"]
[Source "ChessBase"]
[SourceDate "2020.09.30"]
[SourceVersion "1"]
[SourceVersionDate "2020.09.30"]
[SourceQuality "1"]

1. Nf3 b6 2. c4 Bb7 3. g3 Nf6 4. Bg2 e6 5. 0-0 Be7 6. Nc3 0-0 7. Re1 Ne4 8. Nxe4 Bxe4 9. d3 Bb7 10. e4 d5 11. cxd5 exd5 12. e5 d4 13. Bf4 c5 14. h4 Nd7 15. Rc1 Re8 16. Bh3 Nf8 17. Ng5 h6 18. Ne4 Ne6 19. Bxe6 fxe6 20. Qg4 Qd5 21. Bxh6 Qxe5 22. Nd6 Bxd6 23. Rxe5 Bxe5 24. Re1 Bf6 25. Rxe6 Kf7 26. Rxf6+ gxf6 27. Qg7+ Ke6 28. Qxb7 Kf5 29. Qd5+ Kg6 30. Bf4 Rad8 31. h5+ Kg7 32. h6+ Kg6 33. Qf3 Kh7 34. Qg4 Rg8 35. Qf5+ Rg6 36. Kg2 c4 37. dxc4 d3 38. Bd2 Rd4 39. b3 Rd6 40. f3 Rd8 41. g4 Rd6 42. Kg3 Rd8 43. f4 Rd6 44. g5 Rd8 45. Kg4 Rd6 46. Kh5 fxg5 47. fxg5 Rde6 48. Qf7+ Kh8 49. Bc3+ 1-0

[Event "GER Pfingstopen U25"]
[Site "Playchess.com INT"]
[Date "2020.06.02"]
[Round "2"]
[White "Joeres, Stefan"]
[Black "Vaghef, Mohammad Reza"]
[Result "1-0"]
[WhiteElo "2085"]
[BlackElo "1548"]
[PlyCount "85"]
[EventDate "2020.06.02"]
[EventType "swiss (blitz)"]
[EventRounds "11"]
[EventCountry "GER"]
[SourceTitle "CBM 197 Extra"]
[Source "ChessBase"]
[SourceDate "2020.09.30"]
[SourceVersion "1"]
[SourceVersionDate "2020.09.30"]
[SourceQuality "1"]

1. e4 d5 2. exd5 Nf6 3. d4 Bg4 4. f3 Bf5 5. c4 c6 6. Nc3 cxd5 7. Bf4 Nc6 8. cxd5 Nxd5 9. Bd2 Nxd4 10. Qa4+ Nc6 11. Bb5 Qd7 12. Nge2 Nxc3 13. Bxc3 0-0-0 14. Nd4 e5 15. Nxc6 bxc6 16. Bxc6 Qc7 17. Qa6+ Kb8 18. Bxe5 Bd6 19. Qb5+ Qb6 20. Bxd6+ Rxd6 21. Qxb6+ axb6 22. Ba4 Rd4 23. b3 Rhd8 24. 0-0 Bd3 25. Rfd1 Bg6 26. Rxd4 Rxd4 27. Bb5 Kb7 28. a4 Rb4 29. Bc4 Bc2 30. Ra3 f6 31. Kf2 Kc6 32. Ke3 Kc5 33. Kd2 Bf5 34. Kc3 Bg6 35. a5 b5 36. a6 bxc4 37. a7 cxb3 38. a8Q Rc4+ 39. Kxb3 Rb4+ 40. Kc3 Rc4+ 41. Kd2 Rd4+ 42. Ke3 f5 43. Qa7+ 1-0